Sanat: "Laura Jenna Ellinoora Alexandra Camilla Jurvanen" - Statistics

Yleistilastot
  • Tätä visaa on pelattu 199 kertaa
  • Keskiarvotulos 86 / 121
Vastaustilastot
Vastaus % Oikein
Ellinoora
96%
Jenna
96%
Laura
96%
Alexandra
95%
Jurvanen
95%
Camilla
91%
se
91%
ja
86%
sen
85%
tulikin
85%
alakerran
84%
Ramilla
84%
Siitä
84%
turva
82%
ihmisen
81%
pienen
81%
Myy
79%
Pikku
79%
ei
77%
kun
75%
mamilla
75%
nimeksi
75%
etunimi
74%
kelvannut
74%
kuin
74%
on
72%
suu
72%
useampi
72%
hämmästyy
70%
Ristiäisvieraat
70%
sittenkään
68%
hiukset
65%
lapselle
65%
moni
64%
vielä
63%
janoinen
61%
kiharat
61%
lienee
60%
Kahvia
59%
kaipaa
55%
No
55%
simmutkin
55%
Kokonimi
52%
nenä
49%
ollut
48%
suorempi
47%
aina
46%
hiuslaatu
45%
huomaamatta
45%
isän
45%
hakeutuu
44%
viereen
43%
nuorempi
39%
Äitiinsä
38%
jo
38%
tullut
38%
aika
37%
paljon
37%
Mervihän
36%
kutrit
34%
kihartuu
32%
voileipäkakkupöydän
32%
olkapäille
31%
nyt
28%
puolella
28%
tummemmat
28%
kummankin
27%
tosin
18%
laineillen
12%
Ehtoja vastaavia visoja ei löytynyt
Tulosjakauma
Jokaisen tuloksen saaneiden osuus
Persentiili vastausten määrän mukaan
Tuloshistoriasi
Et ole pelannut tätä visaa